000 00776nam a22002057a 4500
999 _c20764
_d20764
005 20200130042536.0
008 200130b xxu||||| |||| 00| 0 spa d
040 _aCO-BoIAVH
_cCO-BoIAVH
041 _aspa
044 _ack
110 _aInstituto Nacional de los Recursos Naturales Renovables y del Ambiente - INDERENA
_c(Bogotá)
245 _aParque Nacional Natural Isla de Gorgona.
260 _aBogotá:
_bInstituto Nacional de los Recursos Naturales Renovables y del Ambiente,
_cs.f.
300 _a1 folleto plegable:
_bfotografías y mapas,
_c22 x 11 cm.
650 0 _aGuías turísticas
650 0 _aFlora y Fauna
650 0 _aInvestigación científica
650 0 _aParques nacionales
_z Colombia.
942 _2ddc
_cFolleto